000 03229cam a22006134i 4500
003 PE-LiUPU
005 20250731180141.0
008 150706s2004 flua rb 000 0 spa d
020 _a0829743588
035 _a(Sirsi) i9780829743586
040 _aPE-LiUPU
_bspa
_cPE-LiUPU
_erda
049 _aPRUA
082 0 4 _a576.0162
_bC88
_221
100 1 _aCruz, Antonio,
_eautor.
245 1 0 _aDarwin no mató a Dios /
_cAntonio Cruz.
264 1 _aMiami, Florida :
_bVida,
_c2004.
300 _a189 páginas :
_bilustraciones ;
_c22 centímetros
336 _atext
_2rdacontent
337 _aunmediated
_2rdamedia
338 _avolume
_2rdacarrier
504 _aIncluye bibliografía.
505 0 _aOrigen del darwinismo -- El fin de un mito -- Órganos anti darwinistas -- El corazón tiene razones que la evolución desconoce -- Diseño. ¿aparente o real? -- El origen de la vida en un callejón sin salida -- La caja de Pandora del genoma se abre por primera vez -- La selección natural, una reina con los pies de barro -- La gran explosión cámbrica -- Esa pesadilla llamada ojo -- ¿Mono desnudo o humano pensante?
526 _aSEG44
526 _aSEG26
526 _aP159
526 _aP155
526 _aP154
526 _aP153
526 _aP150
526 _aP100
526 _aP31
526 _aP30
526 _aP26
526 _aP25
526 _aP24
526 _aP22
526 _aP15
526 _aP10
541 _g001-0000464;
650 0 4 _aDarwinismo.
910 _agl20091104
942 _2ddc
_cBOOK
949 _a576.0162 C88
_wDEWEY
_c1
_i60655
_d2015-9-29
_e2015-9-28
_lCCODEBUL1
_mBUL
_n1
_p8.00
_r0
_sY
_tBOOK
_u2015-7-6
_xTEOLOGIA
_zUNKNOWN
_0COMPRA
_o.STAFF. Colección General
949 _a576.01 C88 2004
_wDEWEY
_c1
_iFJ06030
_lCCODEBUJ1
_mBUJ
_p8.00
_r0
_sY
_tBOOK
_u2017-12-14
_xEDUCACION
_zPRIMARIA
_0COMPRA
_o.STAFF -- Colección General Juliaca
949 _a576.01 C88 2004
_wDEWEY
_c2
_iFJ06031
_lCCODEBUJ1
_mBUJ
_p8.00
_r0
_sY
_tBOOK
_u2017-12-14
_xEDUCACION
_zPRIMARIA
_0COMPRA
_o.STAFF -- Colección General Juliaca
949 _a576.01 C88 2004
_wDEWEY
_c3
_iFJ06032
_lCCODEBUJ1
_mBUJ
_p8.00
_r0
_sY
_tBOOK
_u2017-12-14
_xEDUCACION
_zPRIMARIA
_0COMPRA
_o.STAFF -- Colección General Juliaca
994 _aC0
_bPEPRU
596 _a1 3
999 _a576.0162 C88
_wDEWEY
_c50068
_i60655
_d50068
_e2019-6-17
_f2021-11-5
_g5
_lCCODEBUL1
_mBUL
_n5
_p8.00
_q3
_r0
_sY
_tBOOK
_u2015-7-6
_xBIBLIOTECA
_PP35
_0COMPRA
_o.STAFF. Colección Teología
999 _a576.01 C88 2004
_wDEWEY
_c1
_iFJ06030
_d2017-6-1
_e2017-5-30
_f2022-1-25
_g3
_lCCODEBUJ1
_mBUJ
_n2
_p8.00
_r0
_sY
_tBOOK
_u2017-1-25
_xEDUCACION
_PP20
_0COMPRA
_o.STAFF. Colección General Juliaca
999 _a576.01 C88 2004
_wDEWEY
_c2
_iFJ06031
_d2018-5-4
_e2018-5-3
_f2022-1-25
_g3
_lCCODEBUJ1
_mBUJ
_n2
_p8.00
_r0
_sY
_tBOOK
_u2017-1-25
_xEDUCACION
_PP20
_0COMPRA
_o.STAFF. Colección General Juliaca
999 _a576.01 C88 2004
_wDEWEY
_c3
_iFJ06032
_d2017-6-4
_e2017-6-1
_f2022-1-25
_g3
_lCCODEBUJ1
_mBUJ
_n3
_p8.00
_r0
_sY
_tBOOK
_u2017-1-25
_xEDUCACION
_PP20
_0COMPRA
_o.STAFF. Colección General Juliaca
980 _81
_gALBERTO SANCHEZ Responsable de Automatización